| 000 | 00508nam a2200181Ia 4500 | ||
|---|---|---|---|
| 003 | GCL | ||
| 008 | 140319s9999 xx 000 0 ara d | ||
| 040 |
_aGCL / _cGCL |
||
| 082 | 0 | 4 |
_a811.9 _bن ا |
| 100 | 1 | _aنزار قبانى | |
| 245 | 1 | 0 |
_aالاعمال السياسية الكاملة نزار قبانى / _cنزار قبانى |
| 300 | _aمتعدد | ||
| 490 | _a | ||
| 650 | 0 | 4 | _aالشعر العربى |
| 650 | 0 | 4 | _aالادب العربى |
| 650 | 0 | 4 | _aنزار قبانى |
| 942 |
_2ddc _cBK |
||
| 999 |
_c46572 _d46572 |
||